Libro de la Razón General de la Real Hacienda del departamento de Caracas
Guardat en:
| Autor principal: | |
|---|---|
| Format: | Llibre |
| Idioma: | espanyol |
| Publicat: |
Caracas
Fuentes para la Historia Colonial de Venezuela
1962
|
| Col·lecció: | Biblioteca de la Academia Nacional de la Historia, 61
|
| Matèries: | |
| Etiquetes: |
Afegir etiqueta
Sense etiquetes, Sigues el primer a etiquetar aquest registre!
|
MARC
| LEADER | 00000nam a2200000 a 4500 | ||
|---|---|---|---|
| 001 | UCR0542 | ||
| 003 | CL-VaPUC | ||
| 008 | 971205e19620000VE |||||||||||||||||spa|d | ||
| 082 | 0 | 4 | |a 340.098 |b LIM |2 21 |
| 100 | |a Limonta, José de |e autor |9 396342 | ||
| 245 | 1 | 0 | |a Libro de la Razón General de la Real Hacienda del departamento de Caracas |
| 300 | |a 339 p | ||
| 942 | |c BK | ||
| 945 | |d 19971205 00:00:00 |a cmena | ||
| 260 | |a Caracas |b Fuentes para la Historia Colonial de Venezuela |c 1962 | ||
| 650 | 0 | |a Derecho Indiano |9 256266 | |
| 650 | 0 | |a Epoca colonial |9 352022 | |
| 650 | 0 | |a Administración pública |9 255343 | |
| 650 | 0 | |a Hacienda pública |9 258673 | |
| 650 | 0 | |a Finanzas públicas |9 358992 | |
| 650 | 7 | |a CEDULARIO INDIANO |2 CL-VaPUC |9 396343 | |
| 650 | 0 | |a Impuestos |9 255450 | |
| 650 | 0 | |a Derecho tributario |9 258895 | |
| 650 | 0 | |a Obligaciones tributarias |9 383518 | |
| 651 | 7 | |a CARACAS |2 CL-VaPUC |9 323786 | |
| 651 | 0 | |a Venezuela |9 254993 | |
| 583 | |a last modification |c 19971205 00:00:00 |k Rodrigo Vera | ||
| 490 | 0 | |a Biblioteca de la Academia Nacional de la Historia, 61 | |
| 999 | |c 264044 |d 264042 | ||
| 952 | |0 0 |1 0 |4 0 |6 340_098000000000000_LIM_1962 |7 0 |8 DER_HDC |9 293628 |a BIBDER |b BIBDER |d 2019-11-19 |i 1908588 |o 340.098 LIM 1962 |p 1908588 |r 2023-01-25 |w 2019-11-19 |x Ubicación 4to Piso |y BK |z Estos recursos deben solicitarse con anticipación |k DER | ||